Ética y ciencia / (Registro nro. 3207)

Detalles MARC
000 -LEADER
fixed length control field 00637nam a2200205 a 4500
005 - FECHA ULTIMA MODIFICACION
control field 20241202085802.0
008 - CAMPO DE CONTROL (LIBRO)
fixed length control field t1988||||ag f |||| 001 0 spa d
020 ## - INTERNATIONAL STANDARD BOOK NUMBER
ISBN 9505163208
041 ## - CODIGO DE IDIOMA
Código de idioma del texto/pista de sonido o título separado spa
092 ## - SIGNATURA TOPOGRAFICA DEWEY LOCAL
número de clasificación 170
libristica 9
sección BUN
100 1# - ENTRADA PRINCIPAL--NOMBRE PERSONAL
Nombre personal Bunge, Mario.
9 (RLIN) 1168
245 ## - TITULO PROPIAMENTE DICHO
Título Ética y ciencia /
Mención de responsabilidad y remanente de la transcripción de la portada Mario Bunge
250 ## - MENCION DE EDICION
Mención de edición 3a ed.
260 ## - PIE DE IMPRENTA
Lugar de publicación, distribución, etc Buenos Aires:
Nombre de la editorial, distribuidor, etc Ediciones Siglo Veinte;
Fecha de publicación 1988.
300 ## - DESCRIPCION FISICA
Extension 111 p.
500 ## - NOTA GENERAL
Nota general Bunge, M. (1988). Ética y ciencia. (3a ed.). Buenos Aires : Ediciones Siglo Veinte.
590 ## - NOTAS LOCALES (RLIN)
Nota local Proyecto 4to libro. Donación Maria Vitarelli, Diciembre 2017.
655 ## - MATERIA - GENERO/FORMA
Género/Forma Ética
-- 4221
942 ## - ADDED ENTRY ELEMENTS (KOHA)
Source of classification or shelving scheme Dewey Decimal Classification
Item type Libros
Existencias
Estado de retiro Existencia Fuente de clasificación Estado general No para prestamo Ubicación permanente ubicación actual Sala de ubicación Fecha de adquisición Fuente de adquisición Total Checkouts Número de clasificación Código de barras Date last seen Número de ejemplar Price effective from Koha tipo de elemento (item) Public note Coded location qualifier
    Dewey Decimal Classification     Biblioteca Medicina Biblioteca Medicina Circulación 12/11/2024 Donación Noviembre 2024   170 9 BUN 4920 12/11/2024 Ej. 1 12/11/2024 Libros Donación Noviembre 2024  

UNIVERSIDAD NACIONAL DEL COMAHUE
Biblioteca de la Facultad de Ciencias Médicas
Sede Toschi: Los Arrayanes y Av. Toschi, Cipolletti  - Rio Negro
Sede Los Tordos:  Yrigoyen al 2211, Cipolletti - Rio Negro 

Teléfono: 0299 - 4774707 int 25
Contacto: biblioteca@facimed.uncoma.edu.ar
© 2011 - 2026